|
|
|
|
| LEADER |
00000nab a2200000 a 4500 |
| 001 |
vtls010254505 |
| 003 |
SK-MaSNL |
| 005 |
20260303201701.0 |
| 008 |
14052213c2006 xo o e sl |
| 035 |
|
|
|a SVKKK000083187
|
| 038 |
|
|
|a SVKKK
|
| 040 |
|
|
|a SVKKK
|b slo
|c SVKKK
|e AACR2
|
| 041 |
0 |
|
|a slo
|b eng
|b slo
|
| 044 |
|
|
|a xo
|c SK
|
| 080 |
|
|
|a 621.791.03
|2 1997
|
| 080 |
|
|
|a 621.791.76/.79
|2 1997
|
| 100 |
1 |
|
|a Koubek, Prokop
|4 aut
|9 816135
|
| 245 |
1 |
0 |
|a Energetické aspekty používania zváracích strojov s trojfázovým napájaním =
|b Energy aspects of using welding machines with three-phase power supply
|c Prokop Koubek
|
| 300 |
|
|
|b Obr.
|
| 504 |
|
|
|a Bibliogr. odkazy
|
| 504 |
|
|
|a Res. angl., slov.
|
| 650 |
0 |
7 |
|a odporové zváranie
|2 SNKPH
|9 50960
|
| 650 |
0 |
7 |
|a zváracie stroje
|2 SNKPH
|9 85998
|
| 773 |
0 |
|
|t Zváranie
|g Roč. 55, č. 10(2006), s. 288-292
|x 0044-5525
|
| 852 |
|
|
|a SVKKK
|b BIB
|
| 958 |
|
|
|a NB
|
| 999 |
|
|
|c 2175413
|d 2177343
|